Rodinné podnikanie na Slovensku diplomová práca

Enregistré dans:
Détails bibliographiques
Auteur principal: Marázová, Dorota
Collectivité auteur: Obchodná fakulta EU. Katedra služieb a cestovného ruchu - zrušené
Autres auteurs: Krošláková, Monika, 1975-
Format: Livre
Langue:slovaque
Publié: Bratislava 2017
Tags: Ajouter un tag
Pas de tags, Soyez le premier à ajouter un tag!

MARC

LEADER 00000nbm a2200000 4500
001 0230728
005 20170814112946.3
041 0 |a slo 
044 |a SK 
245 1 0 |a Rodinné podnikanie na Slovensku  |b diplomová práca  |c Dorota Marázová ; školiteľ: Monika Krošláková 
264 1 |a Bratislava  |c 2017 
300 |a 58 s. 
100 1 |a Marázová, Dorota 
700 1 |a Krošláková, Monika, 1975- 
710 2 |a Obchodná fakulta EU. Katedra služieb a cestovného ruchu - zrušené